000 00423nam a2200181Ia 4500
001 8289
005 20260306160558.0
008 260306t2017||||xx |||||||||||||| ||spa||
041 _aESP
082 _a370.1523
_bO73
100 _aOrtiz Alonso, Tomás
_eAUT
245 0 _aNeurociencia y educación
260 _c2017
300 _a263 páginas :
_c23 cm.
650 _aGEN
654 _aCED
942 _cLIB
_dJUS
_fJUS
_2ddc
_n
999 _c8289
_d8289